[Event "AUT-ch Vor4 Internet"]
[Site "Playchess.com INT"]
[Date "2020.04.25"]
[Round "9"]
[White "Birklbauer, Toni"]
[Black "Doskocil, Klaus"]
[Result "0-1"]
[WhiteElo "2047"]
[BlackElo "2157"]
[PlyCount "60"]
[EventDate "2020.04.25"]
[EventType "swiss (blitz)"]
[EventRounds "9"]
[EventCountry "AUT"]
[SourceTitle "EXT 2021"]
[Source "ChessBase"]
[SourceDate "2020.10.23"]
[SourceVersion "1"]
[SourceVersionDate "2020.10.23"]
[SourceQuality "1"]

1. d4 c5 2. e4 cxd4 3. c3 dxc3 4. Nxc3 Nc6 5. Nf3 e6 6. Bc4 d6 7. 0-0 a6 8. Qe2 b5 9. Bb3 Ra7 10. Rd1 Rd7 11. Bf4 Be7 12. Rd2 Nf6 13. Rad1 e5 14. Bg5 0-0 15. Bxf6 gxf6 16. Nd5 Kh8 17. Nh4 Nd4 18. Rxd4 exd4 19. Nf5 Rb7 20. Nfxe7 Rxe7 21. Nxe7 Qxe7 22. Rxd4 Be6 23. Bc2 Rg8 24. f4 Qa7 25. Qf2 Bh3 26. g3 Qc5 27. Rd2 Qc6 28. Qd4 Kg7 29. Qxd6 Qc4 30. e5 Qf1# 0-1

[Event "AUT-ch Vor3 Internet"]
[Site "Playchess.com INT"]
[Date "2020.04.17"]
[Round "6"]
[White "Birklbauer, Toni"]
[Black "Dilly, Julian"]
[Result "1-0"]
[WhiteElo "2034"]
[BlackElo "1502"]
[PlyCount "57"]
[EventDate "2020.04.17"]
[EventType "swiss (blitz)"]
[EventRounds "9"]
[EventCountry "AUT"]
[SourceTitle "CBM 195 Extra"]
[Source "ChessBase"]
[SourceDate "2020.05.31"]
[SourceVersion "1"]
[SourceVersionDate "2020.05.31"]
[SourceQuality "1"]

1. d4 Nf6 2. Nf3 g6 3. c4 Bg7 4. Nc3 d6 5. e4 Nbd7 6. h3 c5 7. Be2 0-0 8. Be3 Qa5 9. Qd2 Ne8 10. 0-0 b6 11. Bh6 cxd4 12. Nxd4 Qc5 13. Bxg7 Kxg7 14. Rac1 Ne5 15. b4 Qc7 16. Nd5 Qd7 17. f4 Nc6 18. Bf3 Kg8 19. Nxc6 e6 20. Nde7+ Kh8 21. Qc3+ f6 22. Rfd1 Bb7 23. e5 Bxc6 24. Nxc6 Qc7 25. exf6 Rxf6 26. b5 Kg8 27. Ne7+ Qxe7 28. Bxa8 Rxf4 29. Rf1 1-0

[Event "AUT-ch Vor3 Internet"]
[Site "Playchess.com INT"]
[Date "2020.04.17"]
[Round "1"]
[White "Birklbauer, Toni"]
[Black "Schreiner, Peter"]
[Result "0-1"]
[WhiteElo "2034"]
[BlackElo "2440"]
[PlyCount "86"]
[EventDate "2020.04.17"]
[EventType "swiss (blitz)"]
[EventRounds "9"]
[EventCountry "AUT"]
[SourceTitle "CBM 195 Extra"]
[Source "ChessBase"]
[SourceDate "2020.05.31"]
[SourceVersion "1"]
[SourceVersionDate "2020.05.31"]
[SourceQuality "1"]

1. d4 Nf6 2. Nf3 g6 3. c4 Bg7 4. Nc3 d5 5. cxd5 Nxd5 6. Qb3 Nxc3 7. bxc3 0-0 8. Ba3 b6 9. e3 Bb7 10. Be2 c5 11. 0-0 Qc7 12. Rfd1 Nd7 13. Rac1 e6 14. h3 Rfd8 15. Rd2 Nf6 16. Rdd1 Ne4 17. Nd2 Nf6 18. Nf3 Rac8 19. Qa4 Bc6 20. Qb3 Ne4 21. Nd2 Nxd2 22. Rxd2 Qb7 23. f3 Bh6 24. c4 cxd4 25. Rcd1 Bxe3+ 26. Qxe3 dxe3 27. Rxd8+ Rxd8 28. Rxd8+ Kg7 29. Bf8+ Kf6 30. h4 Qc7 31. Rd6 h5 32. g4 hxg4 33. fxg4 Ke5 34. Rd1 Be4 35. Bg7+ Kf4 36. Rf1+ Kg3 37. Bh6 Kxh4 38. Bf4 e5 39. Bh2 f5 40. Rd1 f4 41. g5 Kxg5 42. c5 Qxc5 43. Rd5 Qxd5 0-1

[Event "AUT-ch Vor2 Internet"]
[Site "Playchess.com INT"]
[Date "2020.04.13"]
[Round "9"]
[White "Novkovic, Julia"]
[Black "Birklbauer, Toni"]
[Result "1-0"]
[WhiteElo "2170"]
[BlackElo "2047"]
[PlyCount "127"]
[EventDate "2020.04.13"]
[EventType "swiss (blitz)"]
[EventRounds "9"]
[EventCountry "AUT"]
[SourceTitle "CBM 195 Extra"]
[Source "ChessBase"]
[SourceDate "2020.05.31"]
[SourceVersion "1"]
[SourceVersionDate "2020.05.31"]
[SourceQuality "1"]

1. e4 c5 2. Nc3 Nc6 3. Nf3 a6 4. g3 g6 5. Bg2 Bg7 6. 0-0 d6 7. d3 Rb8 8. Be3 e6 9. d4 cxd4 10. Nxd4 Nf6 11. h3 0-0 12. Qd2 Ne5 13. b3 Qa5 14. a3 d5 15. Nxd5 Qxd2 16. Nxf6+ Bxf6 17. Bxd2 Nc4 18. Bc3 Nd6 19. Rad1 e5 20. Ne2 Nb5 21. Bb2 Bg7 22. c4 Nc7 23. Nc3 Ne6 24. Nd5 Nd4 25. b4 Be6 26. c5 f5 27. f4 fxe4 28. Bxe4 Bxh3 29. Rf2 Bg4 30. Re1 exf4 31. Nxf4 Rbe8 32. Bd5+ Kh8 33. Rxe8 Rxe8 34. Kg2 Re1 35. Bxb7 Nf5 36. Bxg7+ Kxg7 37. Rd2 Ne3+ 38. Kf2 Nc4 39. Kxe1 Nxd2 40. Kxd2 Bd7 41. Ke3 Bb5 42. Kd4 g5 43. Ne6+ Kf6 44. Nc7 h5 45. Nxb5 h4 46. gxh4 gxh4 47. c6 axb5 48. c7 h3 49. c8Q h2 50. Qf8+ Kg5 51. Qg7+ Kf4 52. Qg2 Kf5 53. Qxh2 Kf6 54. Qf4+ Kg6 55. Be4+ Kg7 56. Qg5+ Kf7 57. Qg6+ Ke7 58. Bf5 Kd8 59. Qe6 Kc7 60. Qd7+ Kb6 61. Qd6+ Kb7 62. Kc5 Ka7 63. Qc7+ Ka6 64. Bc8# 1-0

[Event "Donau op 28th"]
[Site "Aschach"]
[Date "2019.12.26"]
[Round "1"]
[White "Birklbauer, Toni"]
[Black "Horvath, Jozsef"]
[Result "0-1"]
[WhiteElo "2047"]
[BlackElo "2444"]
[PlyCount "41"]
[EventDate "2019.12.26"]
[EventType "swiss"]
[EventRounds "7"]
[EventCountry "AUT"]
[SourceTitle "CBM 194 Extra"]
[Source "ChessBase"]
[SourceDate "2020.03.31"]
[SourceVersion "1"]
[SourceVersionDate "2020.03.31"]
[SourceQuality "1"]

1. d4 Nf6 2. c4 g6 3. Nc3 d5 4. cxd5 Nxd5 5. e4 Nxc3 6. bxc3 Bg7 7. Qb3 0-0 8. Ba3 b6 9. Rd1 Bb7 10. Bd3 Nd7 11. Ne2 c5 12. dxc5 Qc7 13. cxb6 axb6 14. 0-0 Bc6 15. Nd4 Ba4 16. Qb2 Bxd1 17. Rxd1 Nc5 18. Be2 Na4 19. Nb5 Nxb2 20. Nxc7 Nxd1 21. Nxa8 0-1

[Event "Donau op 24th"]
[Site "Aschach"]
[Date "2015.12.26"]
[Round "1"]
[White "Birklbauer, Toni"]
[Black "Popovic, Dusan"]
[Result "0-1"]
[WhiteElo "2043"]
[BlackElo "2545"]
[PlyCount "50"]
[EventDate "2015.12.26"]
[EventType "swiss"]
[EventRounds "7"]
[EventCountry "AUT"]
[SourceTitle "CBM 170 Extra"]
[Source "ChessBase"]
[SourceDate "2016.02.25"]
[SourceVersion "1"]
[SourceVersionDate "2016.02.25"]
[SourceQuality "1"]

1. d4 d6 2. c4 g6 3. Nc3 Bg7 4. e4 Nf6 5. Be2 0-0 6. Bg5 Na6 7. Qd2 e5 8. d5 c6 9. h4 Nc5 10. f3 cxd5 11. cxd5 Bd7 12. g4 Qb6 13. Nh3 h5 14. Bxf6 Bxf6 15. gxh5 Bxh4+ 16. Kd1 Na4 17. Nxa4 Bxa4+ 18. b3 Bd7 19. hxg6 Kg7 20. Kc2 fxg6 21. Ng5 Rac8+ 22. Kb2 Rh8 23. Bc4 Rxc4 24. Rag1 Qd4+ 25. Qxd4 Rxd4 0-1

[Event "Nittenau-ch op 15th"]
[Site "Nittenau"]
[Date "2015.09.20"]
[Round "4"]
[White "Stoeckl, Stephan"]
[Black "Birklbauer, Toni"]
[Result "1/2-1/2"]
[WhiteElo "2096"]
[BlackElo "2039"]
[PlyCount "30"]
[EventDate "2015.09.18"]
[EventType "swiss"]
[EventRounds "5"]
[EventCountry "GER"]
[SourceTitle "EXT 2017"]
[Source "ChessBase"]
[SourceDate "2016.10.25"]
[SourceVersion "1"]
[SourceVersionDate "2016.10.25"]
[SourceQuality "1"]

1. Nf3 c5 2. c4 Nc6 3. b3 e5 4. Nc3 d6 5. g3 g6 6. Bb2 Bg7 7. d3 Nge7 8. Bg2 0-0 9. 0-0 h6 10. a3 f5 11. Rb1 g5 12. Nd2 Rb8 13. Nd5 Nxd5 14. Bxd5+ Kh8 15. Bc3 Ne7 1/2-1/2

[Event "Nittenau-ch op 15th"]
[Site "Nittenau"]
[Date "2015.09.19"]
[Round "2"]
[White "Ott, Ian"]
[Black "Birklbauer, Toni"]
[Result "0-1"]
[WhiteElo "1818"]
[BlackElo "2039"]
[PlyCount "52"]
[EventDate "2015.09.18"]
[EventType "swiss"]
[EventRounds "5"]
[EventCountry "GER"]
[SourceTitle "EXT 2017"]
[Source "ChessBase"]
[SourceDate "2016.10.25"]
[SourceVersion "1"]
[SourceVersionDate "2016.10.25"]
[SourceQuality "1"]

1. e4 c5 2. Nf3 Nc6 3. d4 cxd4 4. Nxd4 Nf6 5. Nc3 e5 6. Ndb5 d6 7. Bg5 a6 8. Na3 Be6 9. Bc4 Be7 10. Bxf6 Bxf6 11. Nd5 0-0 12. c3 Rc8 13. 0-0 Bg5 14. Bb3 Kh8 15. Nc2 g6 16. Qe2 Na5 17. Nce3 f5 18. Nc4 Bxd5 19. exd5 Nxc4 20. Bxc4 Bf6 21. f3 Re8 22. Bb3 b5 23. a4 b4 24. Qxa6 bxc3 25. bxc3 Ra8 26. Qd3 Qb6+ 0-1

[Event "Donau op 23rd"]
[Site "Aschach"]
[Date "2014.12.26"]
[Round "1"]
[White "Birklbauer, Toni"]
[Black "Krejci, Jan1111"]
[Result "0-1"]
[WhiteElo "2056"]
[BlackElo "2530"]
[PlyCount "42"]
[EventDate "2014.12.26"]
[EventType "swiss"]
[EventRounds "7"]
[EventCountry "AUT"]
[SourceTitle "CBM 164 Extra"]
[Source "ChessBase"]
[SourceDate "2015.03.02"]
[SourceVersion "1"]
[SourceVersionDate "2015.03.02"]
[SourceQuality "1"]

1. d4 Nf6 2. Nf3 e6 3. Bg5 h6 4. Bxf6 Qxf6 5. e4 d6 6. Nc3 Nd7 7. Qd2 Qd8 8. Qe3 Be7 9. Be2 c6 10. Nd2 e5 11. dxe5 dxe5 12. 0-0-0 0-0 13. h4 b5 14. Nf3 Qa5 15. Rxd7 Bxd7 16. Nxe5 Rfd8 17. Bh5 Be6 18. Qf4 Bf6 19. Bxf7+ Bxf7 20. Nxf7 Bxc3 21. bxc3 Qxa2 0-1

[Event "Donau op 22nd"]
[Site "Aschach"]
[Date "2013.12.26"]
[Round "1"]
[White "Birklbauer, Toni"]
[Black "Pacher, Milan"]
[Result "0-1"]
[WhiteElo "2063"]
[BlackElo "2451"]
[PlyCount "60"]
[EventDate "2013.12.26"]
[EventType "swiss"]
[EventRounds "7"]
[EventCountry "AUT"]
[SourceTitle "CBM 158 Extra"]
[Source "ChessBase"]
[SourceDate "2014.02.28"]
[SourceVersion "1"]
[SourceVersionDate "2014.02.28"]
[SourceQuality "1"]

1. d4 Nf6 2. Nf3 g6 3. c4 Bg7 4. Nc3 d5 5. h4 dxc4 6. e4 c5 7. d5 b5 8. e5 Ng4 9. Bf4 b4 10. Ne4 Nd7 11. e6 fxe6 12. dxe6 Nb6 13. Qxd8+ Kxd8 14. 0-0-0+ Ke8 15. Bc7 Bxe6 16. Nxc5 Bf5 17. Ng5 Nxf2 18. Bxb6 axb6 19. Bxc4 bxc5 20. g4 Nxd1 21. gxf5 Ne3 22. Bb5+ Kf8 23. fxg6 hxg6 24. Rh3 Bd4 25. Rf3+ Nf5 26. Ne6+ Kf7 27. Bc4 Kf6 28. Nf4 Rxh4 29. Nd5+ Ke5 30. Rf1 Be3+ 0-1

[Event "Semriach op 12th"]
[Site "Semriach"]
[Date "2013.05.01"]
[Round "5"]
[White "Zwettler, Martin"]
[Black "Birklbauer, Toni"]
[Result "1-0"]
[WhiteElo "2201"]
[BlackElo "2047"]
[PlyCount "55"]
[EventDate "2013.04.27"]
[EventType "swiss"]
[EventRounds "5"]
[EventCountry "AUT"]
[SourceTitle "CBM 154 Extra"]
[Source "ChessBase"]
[SourceDate "2013.06.25"]
[SourceVersion "2"]
[SourceVersionDate "2013.06.25"]
[SourceQuality "1"]

1. d4 d5 2. Nf3 Nf6 3. e3 e6 4. Bd3 c5 5. b3 cxd4 6. exd4 Nc6 7. 0-0 Bd6 8. Bb2 Qc7 9. a3 b6 10. Nbd2 g5 11. Re1 h5 12. c4 g4 13. Ne5 Bb7 14. Rc1 g3 15. hxg3 h4 16. gxh4 Rxh4 17. cxd5 Nxd5 18. Nxc6 Nf4 19. Ne4 Bxc6 20. Rxc6 Qxc6 21. Bb5 Qxb5 22. Nxd6+ Kd7 23. Nxb5 Rah8 24. f3 Rh2 25. Qd2 Rh1+ 26. Kf2 R1h4 27. d5 Rg8 28. dxe6+ 1-0

[Event "Semriach op 12th"]
[Site "Semriach"]
[Date "2013.04.28"]
[Round "2"]
[White "Birklbauer, Toni"]
[Black "Schneider Zinner, Harald"]
[Result "1/2-1/2"]
[WhiteElo "2047"]
[BlackElo "2366"]
[PlyCount "68"]
[EventDate "2013.04.27"]
[EventType "swiss"]
[EventRounds "5"]
[EventCountry "AUT"]
[SourceTitle "CBM 154 Extra"]
[Source "ChessBase"]
[SourceDate "2013.06.25"]
[SourceVersion "2"]
[SourceVersionDate "2013.06.25"]
[SourceQuality "1"]

1. d4 c5 2. e4 cxd4 3. c3 dxc3 4. Bc4 Nc6 5. Nf3 d6 6. 0-0 Nf6 7. Nxc3 Bg4 8. Qb3 e6 9. Qxb7 Rc8 10. Bb5 Qd7 11. Qa6 Bxf3 12. gxf3 Be7 13. Rd1 0-0 14. Bg5 Qc7 15. Bxc6 Qxc6 16. Qxa7 Rc7 17. Qd4 Rb8 18. Rac1 Qb7 19. b3 h6 20. Be3 Rbc8 21. Ne2 d5 22. Rxc7 Rxc7 23. Ng3 Bc5 24. Qa4 Bxe3 25. fxe3 Rc2 26. e5 Nd7 27. f4 Qc7 28. b4 Qc3 29. Nf1 Nf8 30. Qb3 Qc8 31. a4 Rc3 32. Qb2 Rc2 33. Qb3 Rc3 34. Qb2 Rc2 1/2-1/2

[Event "Weiz op 10th"]
[Site "Weiz"]
[Date "2011.04.09"]
[Round "3"]
[White "Horvath, Reka"]
[Black "Birklbauer, Toni"]
[Result "1-0"]
[WhiteElo "1965"]
[BlackElo "2069"]
[PlyCount "51"]
[EventDate "2011.04.07"]
[EventType "swiss"]
[EventRounds "5"]
[EventCountry "AUT"]
[SourceTitle "CBM 141 Extra"]
[Source "ChessBase"]
[SourceDate "2011.05.03"]
[SourceVersion "1"]
[SourceVersionDate "2011.05.03"]
[SourceQuality "1"]

1. e4 c5 2. Nf3 Nc6 3. d4 cxd4 4. Nxd4 Nf6 5. Nc3 e5 6. Ndb5 d6 7. Bg5 a6 8. Na3 Be6 9. Bxf6 gxf6 10. Nc4 Rc8 11. Ne3 Bh6 12. Ncd5 Bxe3 13. Nxe3 Ne7 14. Qf3 Qa5+ 15. Kd1 Qb4 16. Qxf6 Rg8 17. Bd3 Qxb2 18. Ke2 b5 19. a4 Nc6 20. Rhb1 Nd4+ 21. Kf1 Qc3 22. axb5 Rg6 23. Qh4 Nb3 24. bxa6 Nxa1 25. Rb7 Rc7 26. a7 1-0

[Event "Weiz op 10th"]
[Site "Weiz"]
[Date "2011.04.07"]
[Round "1"]
[White "Schnider, Gert"]
[Black "Birklbauer, Toni"]
[Result "1-0"]
[WhiteElo "2357"]
[BlackElo "2069"]
[PlyCount "67"]
[EventDate "2011.04.07"]
[EventType "swiss"]
[EventRounds "5"]
[EventCountry "AUT"]
[SourceTitle "CBM 141 Extra"]
[Source "ChessBase"]
[SourceDate "2011.05.03"]
[SourceVersion "1"]
[SourceVersionDate "2011.05.03"]
[SourceQuality "1"]

1. d4 d5 2. c4 dxc4 3. e4 Nc6 4. d5 Ne5 5. Bf4 Ng6 6. Bg3 e5 7. Nc3 Bd6 8. Bxc4 Nf6 9. f3 0-0 10. Qd2 a6 11. Nge2 Nh5 12. 0-0-0 b5 13. Bb3 Bd7 14. Bf2 b4 15. Na4 Bb5 16. Kb1 Qd7 17. Nc5 Qe7 18. Rc1 Qe8 19. Bc4 Nhf4 20. Nxf4 exf4 21. Qxb4 Ne5 22. Bxb5 axb5 23. Qc3 b4 24. Qb3 Qb5 25. Bd4 Ra5 26. Bxe5 Bxc5 27. Bxc7 Ra7 28. d6 Rfa8 29. Qc4 Qxc4 30. Rxc4 Rxa2 31. Rxc5 Ra1+ 32. Kc2 Rxh1 33. d7 Rxh2 34. Bb8 1-0

[Event "Donau op 17th"]
[Site "Aschach"]
[Date "2008.12.31"]
[Round "7"]
[White "Birklbauer, Toni"]
[Black "Juhasz, Kristof"]
[Result "0-1"]
[WhiteElo "2046"]
[BlackElo "2214"]
[PlyCount "92"]
[EventDate "2008.12.26"]
[EventType "swiss"]
[EventRounds "7"]
[EventCountry "AUT"]
[SourceTitle "CBM 127 Extra"]
[Source "ChessBase"]
[SourceDate "2009.01.08"]
[SourceVersion "2"]
[SourceVersionDate "2009.01.28"]
[SourceQuality "1"]

1. d4 d5 2. Nf3 c5 3. e3 Nf6 4. Bd3 Bg4 5. c3 e6 6. Qa4+ Nbd7 7. Ne5 Bf5 8. Nxd7 Nxd7 9. Bxf5 exf5 10. Qb3 Nb6 11. dxc5 Bxc5 12. Qb5+ Nd7 13. Qd3 Qf6 14. Qxd5 0-0-0 15. 0-0 Kb8 16. e4 fxe4 17. Bg5 Qe5 18. Qxe5+ Nxe5 19. Bxd8 Rxd8 20. b4 Bb6 21. a4 a6 22. a5 Ba7 23. Na3 Rd2 24. Rae1 f5 25. Nb1 Rc2 26. Rd1 Nd3 27. Rd2 Rxd2 28. Nxd2 e3 29. fxe3 Bxe3+ 30. Kh1 Bxd2 31. Rxf5 Ne1 32. Rc5 Nc2 33. b5 Be3 34. Re5 axb5 35. Rxb5 Ka7 36. g4 Na3 37. Re5 Bd2 38. Rc5 Nb1 39. c4 Bc3 40. h4 h6 41. Kg2 Nd2 42. Rc8 Nb3 43. Kf3 Bf6 44. h5 Nxa5 45. Ke4 Nc6 46. Kf5 Ne7+ 0-1

[Event "Donau op 17th"]
[Site "Aschach"]
[Date "2008.12.29"]
[Round "5"]
[White "Poetz, Florian"]
[Black "Birklbauer, Toni"]
[Result "1-0"]
[WhiteElo "2255"]
[BlackElo "2046"]
[PlyCount "87"]
[EventDate "2008.12.26"]
[EventType "swiss"]
[EventRounds "7"]
[EventCountry "AUT"]
[SourceTitle "CBM 127 Extra"]
[Source "ChessBase"]
[SourceDate "2009.01.08"]
[SourceVersion "2"]
[SourceVersionDate "2009.01.28"]
[SourceQuality "1"]

1. e4 c5 2. Nf3 Nc6 3. d4 cxd4 4. Nxd4 Nf6 5. Nc3 e5 6. Ndb5 d6 7. Bg5 a6 8. Na3 Be6 9. Nc4 Rc8 10. Bxf6 gxf6 11. Bd3 d5 12. exd5 Bxd5 13. Nxd5 Qxd5 14. Ne3 Qa5+ 15. c3 Rd8 16. Qb1 h5 17. 0-0 Rg8 18. Be4 h4 19. Bxc6+ bxc6 20. Qh7 Rg5 21. Qxh4 Qb5 22. Qe4 Bc5 23. h4 Rg6 24. h5 Rg5 25. Nf5 Rd2 26. b4 Re2 27. Qf3 e4 28. Qf4 Rxf2 29. Qxe4+ Kf8 30. bxc5 Rgxg2+ 31. Qxg2 Rxg2+ 32. Kxg2 Qe2+ 33. Rf2 Qxh5 34. Raf1 Qg4+ 35. Ng3 Qc4 36. Rxf6 Qxc5 37. Rxf7+ Ke8 38. R1f3 Qd5 39. a4 Qa2+ 40. Kh3 Qxa4 41. Nh5 Qd1 42. Rf8+ Kd7 43. R3f7+ Ke6 44. Ng7+ 1-0

[Event "Donau op 17th"]
[Site "Aschach"]
[Date "2008.12.27"]
[Round "3"]
[White "Birklbauer, Toni"]
[Black "Priesner, Andreas"]
[Result "1-0"]
[WhiteElo "2046"]
[BlackElo "2259"]
[PlyCount "62"]
[EventDate "2008.12.26"]
[EventType "swiss"]
[EventRounds "7"]
[EventCountry "AUT"]
[SourceTitle "CBM 127 Extra"]
[Source "ChessBase"]
[SourceDate "2009.01.08"]
[SourceVersion "2"]
[SourceVersionDate "2009.01.28"]
[SourceQuality "1"]

1. d4 c5 2. e4 cxd4 3. c3 dxc3 4. Nxc3 Nc6 5. Bc4 a6 6. Nf3 e6 7. 0-0 Bc5 8. Qe2 Nge7 9. a3 b5 10. Bb3 Qc7 11. Bg5 0-0 12. Rac1 d6 13. e5 Bb7 14. Ne4 Rac8 15. Bc2 Nf5 16. Bb1 Qb8 17. b4 Bd4 18. g4 Bxe5 19. gxf5 exf5 20. Ng3 Rfe8 21. Qd3 Ne7 22. Bxe7 Bxg3 23. hxg3 Rxe7 24. Qxf5 g6 25. Rxc8+ Bxc8 26. Qg5 Re8 27. Qh6 Qb7 28. Ng5 f5 29. Ba2+ d5 30. Rd1 Re5 31. f4 Qa7+ 1-0

[Event "AUT-chT2M 0001"]
[Site "Austria"]
[Date "2001.??.??"]
[Round "8"]
[White "Riedel, Wolfgang"]
[Black "Birklbauer, Toni"]
[Result "1-0"]
[WhiteElo "2335"]
[BlackElo "2180"]
[PlyCount "89"]
[EventDate "2000.??.??"]
[EventType "team"]
[EventRounds "9"]
[EventCountry "AUT"]
[SourceTitle "EXT 2003"]
[Source "ChessBase"]
[SourceDate "2002.11.25"]
[SourceVersion "1"]
[SourceVersionDate "2002.11.25"]
[SourceQuality "1"]

1. d4 Nf6 2. c4 e6 3. Nc3 Bb4 4. Qb3 Bxc3+ 5. Qxc3 Ne4 6. Qc2 f5 7. e3 c5 8. dxc5 Qa5+ 9. Bd2 Nxd2 10. Qxd2 Qxd2+ 11. Kxd2 Na6 12. f3 Nxc5 13. b4 Na6 14. a3 b6 15. Bd3 Bb7 16. Ne2 Ke7 17. Rac1 Rac8 18. h4 Rhd8 19. Nd4 Nc7 20. h5 Ne8 21. Ke2 d6 22. Kf2 Nf6 23. Nb5 a6 24. Nd4 Rc7 25. Rc2 Rdc8 26. h6 g6 27. Rhc1 e5 28. Nb3 Nd7 29. a4 e4 30. Be2 exf3 31. gxf3 Bc6 32. b5 Bb7 33. c5 axb5 34. cxd6+ Kxd6 35. Rd2+ Ke7 36. Bxb5 Nf6 37. Rxc7+ Rxc7 38. Nd4 Rc1 39. Rb2 Rh1 40. Be2 Rxh6 41. Rxb6 Bd5 42. a5 Rh1 43. Bf1 Rh2+ 44. Bg2 Ng4+ 45. Kg1 1-0

[Event "Muehlv"]
[Site "Muehlv"]
[Date "2000.06.17"]
[Round "9"]
[White "Holzweber, Martin"]
[Black "Birklbauer, Toni"]
[Result "0-1"]
[WhiteElo "2155"]
[BlackElo "2181"]
[PlyCount "74"]
[EventDate "2000.12.??"]
[EventType "swiss"]
[EventRounds "9"]
[EventCountry "AUT"]
[SourceTitle "EXT 2002"]
[Source "ChessBase"]
[SourceDate "2001.11.25"]
[SourceVersion "1"]
[SourceVersionDate "2001.11.25"]
[SourceQuality "1"]

1. e4 c5 2. Nf3 Nc6 3. d4 cxd4 4. Nxd4 Nf6 5. Nc3 e5 6. Ndb5 d6 7. Bg5 Be6 8. Bxf6 gxf6 9. Nd5 Rc8 10. c3 a6 11. Na3 f5 12. exf5 Bxf5 13. Qf3 Qg5 14. h4 Qg6 15. g4 Be6 16. Nf6+ Kd8 17. Bd3 Qg7 18. g5 Be7 19. Nh5 Qf8 20. Nf6 h6 21. Kd2 Kc7 22. Nc4 hxg5 23. hxg5 Qg7 24. Rhg1 Rh3 25. Nd5+ Kb8 26. Qg2 Rd8 27. Nxe7 Nxe7 28. Rae1 Nd5 29. Ne3 Nf4 30. Qf1 d5 31. Bxa6 d4 32. Qb5 dxe3+ 33. Kc1 Nd3+ 34. Kb1 Bc8 35. Rxe3 Rxe3 36. fxe3 Qg6 37. Qa5 Nb4+ 0-1

[Event "AUT-chT2M 0001"]
[Site "Austria"]
[Date "2000.??.??"]
[Round "2"]
[White "Gerer, Josef"]
[Black "Birklbauer, Toni"]
[Result "1/2-1/2"]
[WhiteElo "2200"]
[BlackElo "2180"]
[PlyCount "49"]
[EventDate "2000.??.??"]
[EventType "team"]
[EventRounds "9"]
[EventCountry "AUT"]
[SourceTitle "EXT 2003"]
[Source "ChessBase"]
[SourceDate "2002.11.25"]
[SourceVersion "1"]
[SourceVersionDate "2002.11.25"]
[SourceQuality "1"]

1. d4 Nf6 2. Bg5 Ne4 3. Bf4 d5 4. e3 c5 5. Bd3 e6 6. Bxe4 dxe4 7. Nc3 f5 8. Nge2 a6 9. 0-0 Nd7 10. f3 exf3 11. Rxf3 b5 12. dxc5 Bxc5 13. Rg3 0-0 14. b4 Be7 15. Nd4 Qb6 16. Nf3 Bxb4 17. Nd5 exd5 18. Qxd5+ Kh8 19. Ng5 Qf6 20. Rd1 Nb6 21. Qb3 Bd7 22. Nxh7 Kxh7 23. Rh3+ Kg6 24. Rg3+ Kh7 25. Rh3+ 1/2-1/2

[Event "AUT-chT2M 0001"]
[Site "Austria"]
[Date "2000.??.??"]
[Round "4"]
[White "Wiesinger, Robert"]
[Black "Birklbauer, Toni"]
[Result "1-0"]
[WhiteElo "2225"]
[BlackElo "2180"]
[PlyCount "67"]
[EventDate "2000.??.??"]
[EventType "team"]
[EventRounds "9"]
[EventCountry "AUT"]
[SourceTitle "EXT 2003"]
[Source "ChessBase"]
[SourceDate "2002.11.25"]
[SourceVersion "1"]
[SourceVersionDate "2002.11.25"]
[SourceQuality "1"]

1. e4 d5 2. exd5 Qxd5 3. Nc3 Qa5 4. d4 Nf6 5. Nf3 Bg4 6. h3 Bxf3 7. Qxf3 c6 8. Bd2 Qc7 9. Bf4 Qa5 10. Bd2 Qc7 11. Bf4 Qa5 12. 0-0-0 e6 13. Kb1 Nbd7 14. Ne4 Nxe4 15. Qxe4 Nf6 16. Qf3 Qd5 17. Qxd5 cxd5 18. Rd3 Be7 19. Rb3 b6 20. Bb5+ Kd8 21. Ba6 Kd7 22. Rc3 Bd6 23. Bb5+ Ke7 24. Bxd6+ Kxd6 25. Rc6+ Ke7 26. Rc7+ Kf8 27. Re1 Ne8 28. Bxe8 Kxe8 29. Re3 Rf8 30. Rec3 Kd8 31. Rb7 Rc8 32. Rxa7 Rxc3 33. bxc3 g6 34. Kb2 1-0